banner koha

Partição de nicho por grupos funcionais de espécies arbóreas em uma floresta subtropical (Registro n. 331530)

MARC details
000 -LÍDER
fixed length control field 04106nab a2200361 i 4500
003 - CÓDIGO MARC DA AGÊNCIA CATALOGADORA
Campo de controle BR-BrBNA
005 - DATA E HORA DA ÚLTIMA ATUALIZAÇÃO
Campo de controle 20250515173729.0
008 - CAMPO DE TAMANHO FIXO
fixed length control field 250515b2017 bl.qr|pooa||| 00| 0 por |
040 ## - FONTE DA CATALOGAÇÃO
Agência catalogadora BR-BrBNA
Idioma da catalogação por
072 ## - CATEGORIA AGRIS
Código AGRIS K10
100 ## - ENTRADA PRINCIPAL - NOME PESSOAL
Nome pessoal Souza, Karine
100 ## - ENTRADA PRINCIPAL - NOME PESSOAL
Nome pessoal Higuchi, Pedro
100 ## - ENTRADA PRINCIPAL - NOME PESSOAL
Nome pessoal Silva, Ana Carolina da
100 ## - ENTRADA PRINCIPAL - NOME PESSOAL
Nome pessoal Schimalski, Marcos Benedito
100 ## - ENTRADA PRINCIPAL - NOME PESSOAL
Nome pessoal Loebens, Rodineli
100 ## - ENTRADA PRINCIPAL - NOME PESSOAL
Nome pessoal Buzzi Júnior, Fernando
100 ## - ENTRADA PRINCIPAL - NOME PESSOAL
Nome pessoal Souza, Chayane Cristina de
100 ## - ENTRADA PRINCIPAL - NOME PESSOAL
Nome pessoal Rodrigues Junior, Luiz Carlos
100 ## - ENTRADA PRINCIPAL - NOME PESSOAL
Nome pessoal Walter, Felipe Fornara
100 ## - ENTRADA PRINCIPAL - NOME PESSOAL
Nome pessoal Missio, Francieli de Fátima
100 ## - ENTRADA PRINCIPAL - NOME PESSOAL
Nome pessoal Rosa, Angélica Dalla
245 ## - TÍTULO PRINCIPAL
Título principal Partição de nicho por grupos funcionais de espécies arbóreas em uma floresta subtropical
500 ## - NOTA GERAL
Nota geral Publicação on-line; 39 ref.; 1 table; 4 illus.; Summaries (En, Pt)
942 ## - ADDED ENTRY ELEMENTS (KOHA)
Koha item type Analítica
520 ## - NOTA DE RESUMO
Nota de conteúdo <br/><br/>Resumo<br/><br/>O presente estudo teve como objetivo investigar a variação de atributos funcionais de espécies arbóreas ao longo<br/>de diferentes posições topográficas, em uma floresta subtropical na região do Alto Uruguai, em Santa Catarina.<br/>Para as 20 espécies mais abundantes na área amostrada, foram determinados densidade básica da madeira (WD),<br/>altura potencial (Hmax), área foliar (LA), área foliar específica (SLA), regime de renovação foliar, guildas de<br/>regeneração e de dispersão. A estrutura funcional foi avaliada por meio dos valores dos atributos funcionais por<br/>parcela, ponderados para a comunidade (CWM). A partir de um Modelo Digital do Terreno na resolução de 1<br/>m, foram extraídas para cada parcela a elevação, a declividade e curvatura. Os dados foram analisados por meio<br/>de correlações lineares, Análise de Coordenadas Principais (PCoA), Análises de Componente Principais (PCA)<br/>e modelo linear simples. Os resultados demonstraram correlações significativas e negativas entre Hmax x LA e<br/>Hmax x SLA. O gradiente topográfico influenciou de forma significativa a estrutura funcional do componente<br/>arbóreo. Conclui-se que a ocupação de diferentes posições no gradiente topográfico e ao longo do perfil vertical<br/>da floresta se deve ao fato das espécies apresentarem diferentes estratégias ecológicas.<br/><br/>Palavras-chave: atributos funcionais, ecologia florestal, ecologia funcional, mata atlântica, topografia.<br/><br/><br/><br/><br/>Abstract<br/><br/>This study aimed to investigate functional attributes of tree species along different topographic position, in a forest<br/>located in Upper Uruguay region, in Santa Catarina. The wood density (WD), potential height (Hmax), leaf area<br/>(LA), specific leaf area (SLA), leaves renovation regime, regeneration and dispersal guilds were determined for<br/>the 20 most abundant species in the sampled area. The functional structure was evaluated through a community<br/>weight matrix (CWM) of traits values for each sampling unit. Mean values of elevation, declivity and curvature<br/>were extracted for each sampling unit, from a Terrain Digital Model in a resolution of 1 m. The data was analyzed<br/>through linear correlations, Principal Coordinates Analysis (PCoA), Principal Components Analysis (PCA) and<br/>linear simple model. The results indicated significant and negative correlation between Hmax x LA and Hmax x<br/>SLA. The topographic gradient significantly influenced the functional structure of tree component. It is concluded<br/>that the occupation of different positions along the topographic gradient and the forest vertical profile by tree<br/>species were mediated by different ecological strategies.<br/><br/>Key words: functional attributes, forest ecology, functional structure, Atlantic forest, topography
650 ## - ASSUNTO - THESAGRO
Cabeçalho tópico ou nome geográfico ECOLOGIA FLORESTAL
650 ## - ASSUNTO - THESAGRO
Cabeçalho tópico ou nome geográfico ECOLOGIA
650 ## - ASSUNTO - THESAGRO
Cabeçalho tópico ou nome geográfico MATA ATLÂNTICA
650 ## - ASSUNTO - THESAGRO
Cabeçalho tópico ou nome geográfico TOPOGRAFIA
773 0# - ENTRADA ANALÍTICA
Host Biblionumber 709
Registro do item 350397
Imprenta Rio de Janeiro-RJ Jardim Botanico do Rio de Janeiro 1935
Outro identificador 2025-3016
Título Rodriguésia (Brazil)
ISSN 0370-6583; 2175-7860 on-line
Colação v. 68(4) p. 1165-1175; (2017)
Número de controle de registro BR2025000978
856 ## - ACESSO E ENDEREÇO ELETRÔNICO
Identificador uniforme de recurso - URI https://www.scielo.br/j/rod/a/cTLHZTCKRrjWFTqHVhNHtzD/?format=pdf&lang=pt

Nenhum exemplar disponível.

BINAGRI

Telefone: (61)3218-2567/2388/3357/2097 - binagri@agro.gov.br

Ministério da Agricultura e Pecuária , Esplanada dos Ministérios, Bloco D, Anexo B, Brasília/DF, CEP: 70.043-900